[Event "Mundial Juvenil femenino 2005 s10"]
[Site "Belfort FRA"]
[Date "2005.07.27"]
[Round "8.10"]
[White "Papathanasiou, Aggeliki"]
[Black "Baraeva, Marina"]
[Result "0-1"]
[WhiteElo "1599"]
[BlackElo "1599"]
[PlyCount "100"]
[EventDate "2005.07.19"]
[EventType "swiss"]
[EventRounds "11"]
[EventCountry "FRA"]
[Source "lmi"]
[SourceDate "2005.07.31"]

1. d4 Nf6 2. c4 g6 3. Nc3 d5 4. cxd5 Nxd5 5. e4 Nxc3 6. bxc3 Bg7 7. Bc4 c5 8.
Be3 Nc6 9. Ne2 O-O 10. O-O cxd4 11. cxd4 e6 12. Qd2 Qe7 13. Bh6 Rd8 14. Bxg7
Kxg7 15. Qb2 Qf6 16. Rad1 a6 17. Qc3 h6 18. Rd2 Bd7 19. Rd3 Kh7 20. Qd2 Rac8
21. Rd1 b5 22. Bb3 Kg7 23. e5 Qe7 24. Rh3 Rh8 25. Rd3 Qb4 26. d5 Qxd2 27. R3xd2
Nxe5 28. dxe6 Bxe6 29. Bxe6 fxe6 30. Kf1 Nc4 31. Rd7+ Kf6 32. R1d3 Ne5 33. R3d6
Nxd7 34. Rxd7 Rhd8 35. Rxd8 Rxd8 36. Ng3 Rd1+ 37. Ke2 Ra1 38. Kd3 Rxa2 39. Ke3
b4 40. Ne4+ Ke7 41. Kd3 a5 42. Kc4 Ra3 43. Nc5 Rc3+ 44. Kb5 Rxc5+ 45. Kxc5 b3
46. Kb5 b2 47. Kxa5 b1=Q 48. f3 Kd6 49. f4 Kc5 50. f5 Qa1# 0-1

[Event "Mundial Juvenil femenino 2005 s10"]
[Site "Belfort FRA"]
[Date "2005.07.27"]
[Round "8.11"]
[White "Johnova, Eliska"]
[Black "Mucha, Magdalena"]
[Result "0-1"]
[WhiteElo "1599"]
[BlackElo "1599"]
[PlyCount "54"]
[EventDate "2005.07.19"]
[EventType "swiss"]
[EventRounds "11"]
[EventCountry "FRA"]
[Source "lmi"]
[SourceDate "2005.07.31"]

1. e4 c5 2. d4 cxd4 3. c3 Nf6 4. e5 Nd5 5. cxd4 e6 6. Nf3 b6 7. g3 Bb7 8. Bg2
d6 9. O-O Be7 10. Nc3 Nxc3 11. bxc3 Qc7 12. Qd3 Nd7 13. Bf4 Rd8 14. Rac1 h6 15.
c4 g5 16. Bd2 dxe5 17. d5 Nc5 18. Qe2 f6 19. Bh3 exd5 20. cxd5 Bxd5 21. Rfd1 h5
22. Bf5 Qb7 23. Bg6+ Bf7 24. Bxf7+ Kxf7 25. Qc4+ Kg7 26. Be3 Qxf3 27. Rf1 h4
0-1

[Event "Mundial Juvenil femenino 2005 s10"]
[Site "Belfort FRA"]
[Date "2005.07.27"]
[Round "8.12"]
[White "Rato, Ana"]
[Black "Anakidze, Nino"]
[Result "0-1"]
[WhiteElo "1599"]
[BlackElo "1963"]
[PlyCount "58"]
[EventDate "2005.07.19"]
[EventType "swiss"]
[EventRounds "11"]
[EventCountry "FRA"]
[Source "lmi"]
[SourceDate "2005.07.31"]

1. e4 c6 2. d4 d5 3. exd5 cxd5 4. Nf3 Nc6 5. Bb5 Bg4 6. Qd3 a6 7. Bxc6+ bxc6 8.
Ne5 Bd7 9. Bf4 Nf6 10. Nc3 e6 11. Bg3 Be7 12. O-O O-O 13. Rfe1 c5 14. dxc5 Bxc5
15. Bh4 Be7 16. Qd4 Rb8 17. Rab1 Rb4 18. Qa7 Rxh4 19. Nxd7 Nxd7 20. Qxa6 Rb4
21. Qa7 Rc4 22. Re3 Bc5 23. Qa6 Bxe3 24. fxe3 Qg5 25. Qa7 Ne5 26. Rf1 Rg4 27.
g3 Rxg3+ 28. hxg3 Qxg3+ 29. Kh1 Ng4 0-1

[Event "Mundial Juvenil femenino 2005 s10"]
[Site "Belfort FRA"]
[Date "2005.07.27"]
[Round "8.13"]
[White "Roy, Ali"]
[Black "Aggoune, Audessa"]
[Result "1-0"]
[WhiteElo "1599"]
[BlackElo "1599"]
[PlyCount "83"]
[EventDate "2005.07.19"]
[EventType "swiss"]
[EventRounds "11"]
[EventCountry "FRA"]
[Source "lmi"]
[SourceDate "2005.07.31"]

1. e4 d5 2. exd5 Qxd5 3. Nc3 Qa5 4. Nf3 Nf6 5. Bc4 Bg4 6. d4 c6 7. Qd3 e6 8.
O-O Nbd7 9. Bd2 Be7 10. Nd5 Qd8 11. Nxe7 Qxe7 12. Rfe1 O-O 13. a3 Rfd8 14. Qc3
Rac8 15. h3 Bh5 16. Nh4 Nd5 17. Nf5 Qf6 18. Bxd5 cxd5 19. Qd3 Qxf5 20. Qxf5
exf5 21. c3 Re8 22. Kh2 Rxe1 23. Rxe1 Kf8 24. b3 Re8 25. Rc1 Re2 26. Be3 Rb2
27. b4 Ra2 28. Re1 Rxa3 29. Bf4 g6 30. Bd6+ Kg7 31. Re7 Nf6 32. Be5 Rxc3 33.
Rxb7 Rc6 34. Rxa7 Be2 35. Rd7 Re6 36. Rxd5 Kh6 37. Ra5 Nd7 38. Bf4+ Kg7 39. Ra2
Re4 40. Bd2 Bc4 41. Rb2 Rxd4 42. Bc3 1-0

[Event "Mundial Juvenil femenino 2005 s10"]
[Site "Belfort FRA"]
[Date "2005.07.27"]
[Round "8.14"]
[White "Atabayva, Gozel"]
[Black "Roy, Myriam"]
[Result "1/2-1/2"]
[WhiteElo "1599"]
[BlackElo "1599"]
[PlyCount "81"]
[EventDate "2005.07.19"]
[EventType "swiss"]
[EventRounds "11"]
[EventCountry "FRA"]
[Source "lmi"]
[SourceDate "2005.07.31"]

1. e4 c5 2. c4 e5 3. g3 g6 4. Bg2 Bg7 5. Ne2 Ne7 6. O-O O-O 7. Nbc3 Nbc6 8. d3
d6 9. f4 f5 10. Be3 Nd4 11. Nd5 Be6 12. a3 Nec6 13. Nxd4 Nxd4 14. Bxd4 cxd4 15.
Qb3 Bxd5 16. cxd5 b6 17. fxe5 Bxe5 18. Rac1 Qg5 19. Qd1 f4 20. g4 Rf7 21. Bf3
h5 22. Rc2 hxg4 23. Bxg4 f3 24. h3 Raf8 25. Kh1 Kh8 26. Rxf3 Rxf3 27. Bxf3 Qg3
28. Bg4 Rf2 29. Rxf2 Qxf2 30. Qe2 Qf4 31. a4 Kg7 32. b3 Qe3 33. Qxe3 dxe3 34.
Kg2 g5 35. Be2 Bc3 36. Kf3 Bd2 37. Kg4 Kf6 38. h4 gxh4 39. Kxh4 Ke5 40. Kg4 Bc1
41. Kg5 1/2-1/2

[Event "Mundial Juvenil femenino 2005 s10"]
[Site "Belfort FRA"]
[Date "2005.07.27"]
[Round "8.15"]
[White "Botez, Alexandra"]
[Black "Pouillart, Cecile"]
[Result "1-0"]
[WhiteElo "1599"]
[BlackElo "1599"]
[PlyCount "126"]
[EventDate "2005.07.19"]
[EventType "swiss"]
[EventRounds "11"]
[EventCountry "FRA"]
[Source "lmi"]
[SourceDate "2005.07.31"]

1. d4 d5 2. c4 e6 3. Nc3 Nf6 4. Nf3 Be7 5. cxd5 exd5 6. Bf4 O-O 7. Qc2 Re8 8.
e3 c6 9. O-O-O Nbd7 10. Nb5 Qa5 11. Nc7 Ne4 12. a3 b5 13. Bd3 Bb7 14. Nxe8 Rxe8
15. Bxe4 dxe4 16. Ne5 Nxe5 17. Bxe5 b4 18. Qd2 c5 19. Kb1 Ba6 20. f3 Bd3+ 21.
Ka1 Qa6 22. fxe4 Bxe4 23. Qc1 c4 24. Rd2 Rc8 25. Rhd1 c3 26. Rf2 bxa3 27. bxa3
Qc4 28. d5 Bxd5 29. Qxc3 Qxc3+ 30. Bxc3 Bb3 31. Rd3 Bxa3 32. Bb2 Bxb2+ 33. Kxb2
Be6 34. Rfd2 Rb8+ 35. Ka3 Kf8 36. Rd8+ Rxd8 37. Rxd8+ Ke7 38. Ra8 Kf6 39. Rxa7
Kf5 40. Ra4 g5 41. Kb2 Bd5 42. g3 h5 43. Kc3 Ke5 44. Kd3 f5 45. Ra5 g4 46. Rb5
Kd6 47. Kd4 Bc6 48. Rb6 Kc7 49. Rxc6+ Kxc6 50. Ke5 Kd7 51. Kxf5 Ke7 52. Kg5 Ke6
53. Kxh5 Kf5 54. e4+ Kxe4 55. Kxg4 Ke5 56. Kg5 Ke6 57. Kg6 Ke7 58. Kg7 Ke8 59.
h4 Ke7 60. h5 Ke6 61. h6 Ke5 62. h7 Ke4 63. h8=Q Kd5 1-0

[Event "Mundial Juvenil femenino 2005 s10"]
[Site "Belfort FRA"]
[Date "2005.07.27"]
[Round "8.16"]
[White "Chiarion, Elisa"]
[Black "Saduakassova, Dinara"]
[Result "1/2-1/2"]
[WhiteElo "1599"]
[BlackElo "1599"]
[PlyCount "84"]
[EventDate "2005.07.19"]
[EventType "swiss"]
[EventRounds "11"]
[EventCountry "FRA"]
[Source "lmi"]
[SourceDate "2005.07.31"]

1. e4 c5 2. Nf3 e6 3. d4 cxd4 4. Nxd4 Nf6 5. f3 a6 6. a3 Qc7 7. Nc3 Nc6 8. Nxc6
bxc6 9. Bc4 d5 10. exd5 cxd5 11. Be2 Bc5 12. Na4 Ba7 13. Bg5 Qe7 14. Qd2 Bb7
15. Be3 Bxe3 16. Qxe3 O-O 17. O-O Rac8 18. Nc3 Qc5 19. Qxc5 Rxc5 20. Bd3 e5 21.
Rfe1 Re8 22. Rac1 e4 23. fxe4 dxe4 24. Bf1 e3 25. Rcd1 Rce5 26. Rd6 R5e6 27.
Rd4 h6 28. Rb4 R8e7 29. h3 Nd5 30. Nxd5 Bxd5 31. Rd4 Bb7 32. Bc4 Re4 33. Rd8+
Re8 34. Rd7 Rxc4 35. Rxb7 Rxc2 36. Rb6 a5 37. Rb5 a4 38. Rb4 Kh7 39. b3 axb3
40. Rxb3 e2 41. Rb4 Ra2 42. a4 Re3 1/2-1/2

[Event "Mundial Juvenil femenino 2005 s10"]
[Site "Belfort FRA"]
[Date "2005.07.27"]
[Round "8.17"]
[White "Vujnovic, Patricija"]
[Black "Galunova, Tsveta"]
[Result "1/2-1/2"]
[WhiteElo "1599"]
[BlackElo "1599"]
[PlyCount "139"]
[EventDate "2005.07.19"]
[EventType "swiss"]
[EventRounds "11"]
[EventCountry "FRA"]
[Source "lmi"]
[SourceDate "2005.07.31"]

1. c4 Nf6 2. d4 g6 3. Nf3 Bg7 4. Nc3 O-O 5. Bf4 d6 6. e3 Nbd7 7. Be2 Re8 8. O-O
b6 9. Qd2 Bb7 10. d5 a5 11. Rfd1 Nc5 12. Ne1 Ba6 13. f3 Nh5 14. e4 Nxf4 15.
Qxf4 e5 16. Qg3 Qd7 17. Nc2 f5 18. b3 Rf8 19. Rf1 f4 20. Qf2 g5 21. Rfd1 h5 22.
h3 Bf6 23. Ne1 Kf7 24. Nd3 Rh8 25. Rac1 Rh6 26. Kf1 Rah8 27. Nxc5 dxc5 28. a3
Be7 29. Rb1 Bd6 30. Rbc1 Qe8 31. Ke1 Qg8 32. Kd2 Qg6 33. a4 Rd8 34. Kc2 Kg7 35.
Rb1 Rhh8 36. Rh1 h4 37. Rbd1 Rd7 38. Ra1 Rhd8 39. Rad1 Bb7 40. Rhg1 Be7 41. Kb2
c6 42. dxc6 Bxc6 43. Rxd7 Rxd7 44. Rd1 Rd4 45. Nd5 Bxd5 46. cxd5 Qd6 47. Qe1 c4
48. b4 Qxb4+ 49. Qxb4 axb4 50. Rxd4 c3+ 51. Kb3 exd4 52. e5 Bc5 53. Bd3 Kf7 54.
Be4 Ke7 55. Bd3 Kd7 56. Be4 Kc7 57. Bd3 Kb7 58. Be4 Kc7 59. Bd3 Kd7 60. Be4 Ke7
61. Bd3 Kd7 62. Be4 Ke7 63. Bd3 Kd7 64. Be4 Kc7 65. Bd3 Kb7 66. Be4 Kc7 67. Bd3
Kd7 68. Be4 Kc7 69. Bd3 Kd7 70. Be4 1/2-1/2

[Event "Mundial Juvenil femenino 2005 s10"]
[Site "Belfort FRA"]
[Date "2005.07.27"]
[Round "8.18"]
[White "Yang, Sylvia"]
[Black "Guo, Emma"]
[Result "1/2-1/2"]
[WhiteElo "1599"]
[BlackElo "1599"]
[PlyCount "56"]
[EventDate "2005.07.19"]
[EventType "swiss"]
[EventRounds "11"]
[EventCountry "FRA"]
[Source "lmi"]
[SourceDate "2005.07.31"]

1. e4 e5 2. Nf3 Nc6 3. d4 exd4 4. Nxd4 Nf6 5. Nxc6 bxc6 6. e5 Nd5 7. c4 Nb6 8.
Nc3 Bc5 9. Be2 Qh4 10. O-O h5 11. Be3 Bb4 12. Qb3 Qe7 13. Rfe1 Bb7 14. Bf3
O-O-O 15. a3 Bxc3 16. Qxc3 g5 17. c5 Nd5 18. Bxd5 cxd5 19. c6 dxc6 20. Bxa7 g4
21. a4 h4 22. a5 g3 23. a6 Ba8 24. Bd4 h3 25. fxg3 hxg2 26. Kxg2 Rdg8 27. e6
Rh6 28. exf7 Qxf7 1/2-1/2

[Event "Mundial Juvenil femenino 2005 s10"]
[Site "Belfort FRA"]
[Date "2005.07.27"]
[Round "8.19"]
[White "Saligo, Laura"]
[Black "Ivekovic, Tihana"]
[Result "0-1"]
[WhiteElo "1599"]
[BlackElo "1599"]
[PlyCount "52"]
[EventDate "2005.07.19"]
[EventType "swiss"]
[EventRounds "11"]
[EventCountry "FRA"]
[Source "lmi"]
[SourceDate "2005.07.31"]

1. d4 Nf6 2. Nf3 e6 3. Bf4 Be7 4. Nc3 d5 5. e3 Nc6 6. Bb5 Bd7 7. O-O O-O 8. h3
a6 9. Be2 Nh5 10. Bh2 Bb4 11. Ne1 Bxc3 12. bxc3 Nf6 13. c4 dxc4 14. Bxc4 Na5
15. Be2 Ne4 16. Bf3 Nd6 17. Nd3 Nc6 18. Rb1 Nb5 19. Qe1 Rb8 20. Rb3 Re8 21. a4
Nd6 22. a5 Nc4 23. Bxc6 Bxc6 24. Qc3 Qg5 25. g3 Qd5 26. Ne1 Qh1# 0-1

[Event "Mundial Juvenil femenino 2005 s10"]
[Site "Belfort FRA"]
[Date "2005.07.27"]
[Round "8.20"]
[White "Kabai, Zsuzsanna"]
[Black "Skrabanja, Karolina"]
[Result "1/2-1/2"]
[WhiteElo "1599"]
[BlackElo "1599"]
[PlyCount "64"]
[EventDate "2005.07.19"]
[EventType "swiss"]
[EventRounds "11"]
[EventCountry "FRA"]
[Source "lmi"]
[SourceDate "2005.07.31"]

1. c4 e5 2. Nc3 Bc5 3. g3 Nf6 4. Bg2 d6 5. e3 Nc6 6. Nge2 O-O 7. O-O Bb4 8. d4
Bxc3 9. Nxc3 exd4 10. exd4 Rb8 11. Be3 Bf5 12. b3 Qd7 13. Qd2 Bh3 14. Rfe1 Bxg2
15. Kxg2 Rfe8 16. Re2 Re7 17. Rae1 Rbe8 18. d5 Ne5 19. f4 Neg4 20. h3 Nxe3+ 21.
Rxe3 Rxe3 22. Rxe3 Rxe3 23. Qxe3 b6 24. Ne4 Nxe4 25. Qxe4 f5 26. Qe3 Kf7 27.
Kf2 g6 28. Qe2 Qe7 29. Qxe7+ Kxe7 30. Ke3 a5 31. Kd4 Kd7 32. a3 c6 1/2-1/2

[Event "Mundial Juvenil femenino 2005 s10"]
[Site "Belfort FRA"]
[Date "2005.07.28"]
[Round "9.1"]
[White "Lach, Aleksandra"]
[Black "Iwanow, Anna"]
[Result "0-1"]
[WhiteElo "1822"]
[BlackElo "1854"]
[PlyCount "68"]
[EventDate "2005.07.19"]
[EventType "swiss"]
[EventRounds "11"]
[EventCountry "FRA"]
[Source "lmi"]
[SourceDate "2005.07.31"]

1. d4 Nf6 2. Nc3 g6 3. e4 d6 4. g3 Bg7 5. Bg2 O-O 6. Nge2 Nbd7 7. h3 e5 8. Be3
a5 9. O-O Ne8 10. g4 f5 11. exf5 gxf5 12. gxf5 Rxf5 13. Ng3 Rf8 14. Nh5 Qh4 15.
Nxg7 Nxg7 16. Ne4 Qe7 17. Ng3 Nf6 18. Kh2 Kh8 19. Rg1 Nf5 20. Nxf5 Bxf5 21. c3
Rg8 22. d5 Rg7 23. c4 Rag8 24. f3 Qe8 25. Bf2 Qh5 26. Qf1 Rg6 27. Re1 Rh6 28.
Re3 e4 29. Bg3 Rxg3 30. Kxg3 Qh4+ 31. Kh2 Qf4+ 32. Kh1 Qxe3 33. Kh2 Qf4+ 34.
Kh1 Ng8 0-1

[Event "Mundial Juvenil femenino 2005 s10"]
[Site "Belfort FRA"]
[Date "2005.07.28"]
[Round "9.2"]
[White "Aflalo, Sophie"]
[Black "Ziaziulkina, Nastassia"]
[Result "1/2-1/2"]
[WhiteElo "1599"]
[BlackElo "1949"]
[PlyCount "77"]
[EventDate "2005.07.19"]
[EventType "swiss"]
[EventRounds "11"]
[EventCountry "FRA"]
[Source "lmi"]
[SourceDate "2005.07.31"]

1. e4 c5 2. Nf3 d6 3. d4 cxd4 4. Nxd4 Nf6 5. Nc3 a6 6. Be2 e5 7. Nb3 Be6 8. O-O
Be7 9. a4 h6 10. Nd2 d5 11. exd5 Nxd5 12. Nxd5 Bxd5 13. Bf3 Bxf3 14. Qxf3 Nc6
15. c3 O-O 16. Nc4 Qc7 17. Qg3 Kh8 18. Re1 Bf6 19. Ne3 Qd7 20. Ng4 Qf5 21. Bd2
Rad8 22. Be3 Rd7 23. Qh3 h5 24. f3 Ne7 25. g3 Nd5 26. Bf2 Rfd8 27. Kg2 Re8 28.
Re4 g6 29. c4 Kg7 30. cxd5 hxg4 31. Qxg4 Qxg4 32. Rxg4 Rxd5 33. Rb4 Rd7 34. Re1
Bd8 35. Rbe4 Rde7 36. Be3 f5 37. Rc4 Rc7 38. Rec1 Rxc4 39. Rxc4 1/2-1/2

[Event "Mundial Juvenil femenino 2005 s10"]
[Site "Belfort FRA"]
[Date "2005.07.28"]
[Round "9.3"]
[White "Gaboyan, Susanna"]
[Black "Kotepalli, Sai Nirupama"]
[Result "0-1"]
[WhiteElo "1599"]
[BlackElo "1599"]
[PlyCount "134"]
[EventDate "2005.07.19"]
[EventType "swiss"]
[EventRounds "11"]
[EventCountry "FRA"]
[Source "lmi"]
[SourceDate "2005.07.31"]

1. e4 e6 2. d4 g6 3. h4 h5 4. Bg5 f6 5. Be3 Bg7 6. Nc3 Ne7 7. Qd2 d5 8. Bd3 c6
9. O-O-O b5 10. f4 Nd7 11. e5 a5 12. Nf3 Nb6 13. exf6 Bxf6 14. Ne5 Rg8 15. Qe1
Nc4 16. Bf2 Qd6 17. Bxc4 bxc4 18. Na4 Qb4 19. Nc5 Qxe1 20. Rhxe1 Rf8 21. Nf3
Kf7 22. Re2 Nf5 23. Rde1 Re8 24. Ne5+ Bxe5 25. fxe5 Ba6 26. Rd2 Re7 27. c3 a4
28. Kb1 a3 29. bxa3 Bb5 30. Kb2 Rea7 31. Kb1 Rxa3 32. Rc1 Ba4 33. Rb2 Bb5 34.
Rbc2 Ke7 35. Rg1 Ba4 36. Nxa4 R3xa4 37. g4 hxg4 38. Rxg4 Rg8 39. Rb2 Ra7 40. h5
Kf7 41. Rxg6 Rxg6 42. hxg6+ Kxg6 43. Rb6 Rc7 44. a4 Ne7 45. Bh4 Nc8 46. Rb8 Na7
47. Bd8 Rc8 48. Rxc8 Nxc8 49. a5 Kf7 50. a6 Ke8 51. Bc7 Kd7 52. Bb8 Nb6 53. a7
Kc8 54. Ka2 Kb7 55. Ka3 Nd7 56. Ka4 Nxb8 57. axb8=Q+ Kxb8 58. Kb4 Kb7 59. Kc5
Kc7 60. Kb4 Kb6 61. Ka4 c5 62. dxc5+ Kxc5 63. Ka3 d4 64. cxd4+ Kxd4 65. Kb2 Kd3
66. Kc1 Kc3 67. Kb1 Kd2 0-1

[Event "Mundial Juvenil femenino 2005 s10"]
[Site "Belfort FRA"]
[Date "2005.07.28"]
[Round "9.5"]
[White "Mucha, Magdalena"]
[Black "Wang, Jiating"]
[Result "1-0"]
[WhiteElo "1599"]
[BlackElo "1599"]
[PlyCount "77"]
[EventDate "2005.07.19"]
[EventType "swiss"]
[EventRounds "11"]
[EventCountry "FRA"]
[Source "lmi"]
[SourceDate "2005.07.31"]

1. e4 c6 2. d4 d5 3. e5 Bf5 4. Nc3 e6 5. g4 Bg6 6. Nge2 c5 7. Be3 Nc6 8. Nf4
cxd4 9. Bxd4 Bxc2 10. Qxc2 Nxd4 11. Qa4+ Nc6 12. Nd3 a6 13. Bg2 Nge7 14. Qf4
Ng6 15. Qg3 Qh4 16. f4 Qxg3+ 17. hxg3 Be7 18. Kf2 Kd7 19. Na4 Kc7 20. Rac1 Nf8
21. Nac5 Bxc5+ 22. Nxc5 Nd7 23. Rc2 Nxc5 24. Rxc5 b6 25. Rc2 Rac8 26. Ke3 Kb7
27. a3 Ne7 28. Rhc1 Rxc2 29. Rxc2 Rc8 30. Rd2 Nc6 31. Bf3 Na5 32. Rh2 h6 33.
Rg2 Nc4+ 34. Kd4 b5 35. Bd1 Kb6 36. a4 bxa4 37. Bxa4 Kb7 38. Rf2 Nb6 39. Bb3
1-0

[Event "Mundial Juvenil femenino 2005 s10"]
[Site "Belfort FRA"]
[Date "2005.07.28"]
[Round "9.6"]
[White "Casusol, Cecilia"]
[Black "Baraeva, Marina"]
[Result "1-0"]
[WhiteElo "1599"]
[BlackElo "1599"]
[PlyCount "145"]
[EventDate "2005.07.19"]
[EventType "swiss"]
[EventRounds "11"]
[EventCountry "FRA"]
[Source "lmi"]
[SourceDate "2005.07.31"]

1. e4 d6 2. d4 e5 3. d5 f5 4. Bd3 Nf6 5. Nc3 f4 6. Nf3 c6 7. Qe2 h6 8. h3 g5 9.
b3 cxd5 10. exd5 Nxd5 11. Bg6+ Kd7 12. Nxd5 Nc6 13. Qd3 Ne7 14. Nxe7 Bxe7 15.
Nxe5+ Kc7 16. Nf7 Qg8 17. Nxh8 Qxh8 18. Rb1 Bd7 19. O-O Qg7 20. Bb2 Qf8 21.
Qc3+ Bc6 22. Qg7 Qxg7 23. Bxg7 Rg8 24. Bb2 Rxg6 25. Rfe1 Kd7 26. Rbd1 h5 27.
Rd2 g4 28. hxg4 Rxg4 29. f3 Bxf3 30. Rf1 Bc6 31. Be5 f3 32. g3 h4 33. Kf2 Kc7
34. Bf4 hxg3+ 35. Bxg3 Bh4 36. Bxh4 Rxh4 37. Kg3 Rh6 38. Rh2 Rg6+ 39. Kf2 Re6
40. Re1 Rg6 41. Rd1 Re6 42. Rd2 Rg6 43. Rd3 Re6 44. Re3 Rg6 45. Re7+ Kb6 46.
Reh7 Re6 47. Kf1 d5 48. R7h6 Re8 49. Rf6 Re3 50. Rd2 Kc5 51. Kf2 d4 52. Rf4 a6
53. Rfxd4 Re2+ 54. Rxe2 Kxd4 55. Re3 Kc5 56. a3 Kd4 57. Rd3+ Kc5 58. Rc3+ Kd4
59. Rd3+ Kc5 60. Ke3 Kb5 61. Rc3 Bd5 62. Rd3 Kc5 63. Rxd5+ Kxd5 64. c3 b5 65.
Kxf3 Ke5 66. Ke3 Kd5 67. Kd3 a5 68. c4+ Kc5 69. cxb5 Kxb5 70. Kd4 Kb6 71. Kc4
Kc6 72. a4 Kb6 73. Kd5 1-0

[Event "Mundial Juvenil femenino 2005 s10"]
[Site "Belfort FRA"]
[Date "2005.07.28"]
[Round "9.7"]
[White "Milotunovic, Stefana"]
[Black "Chen, Yuxuan"]
[Result "0-1"]
[WhiteElo "1599"]
[BlackElo "1599"]
[PlyCount "110"]
[EventDate "2005.07.19"]
[EventType "swiss"]
[EventRounds "11"]
[EventCountry "FRA"]
[Source "lmi"]
[SourceDate "2005.07.31"]

1. d4 e6 2. c4 c5 3. d5 exd5 4. cxd5 d6 5. Nc3 g6 6. e4 Bg7 7. Nf3 Bg4 8. h3
Bxf3 9. Qxf3 Ne7 10. Bb5+ Nd7 11. Bxd7+ Qxd7 12. Qd3 a6 13. a4 O-O 14. O-O f5
15. f3 fxe4 16. Qxe4 Kh8 17. Qe6 Qc7 18. Bg5 Nf5 19. Qe1 Rae8 20. Qd2 Nd4 21.
Rae1 Nf5 22. Rxe8 Rxe8 23. Re1 Bd4+ 24. Kh1 Qf7 25. Rxe8+ Qxe8 26. Ne2 Be3 27.
Bxe3 Qxe3 28. Qxe3 Nxe3 29. Nc3 Nc4 30. Nd1 Nb6 31. Nc3 Nc4 32. Nd1 b5 33. axb5
axb5 34. Kg1 Kg7 35. Kf2 Kf6 36. Ke2 Ke5 37. Kd3 Kxd5 38. Nc3+ Kc6 39. Nd1 d5
40. Kc3 d4+ 41. Kd3 Kd5 42. f4 h6 43. g4 h5 44. gxh5 gxh5 45. f5 Ke5 46. f6
Kxf6 47. b4 Ne3 48. Nxe3 dxe3 49. Kxe3 cxb4 50. Kd3 Kf5 51. Kc2 Kf4 52. Kb3 Kg3
53. Kxb4 Kxh3 54. Kxb5 Kg3 55. Kc4 h4 0-1

[Event "Mundial Juvenil femenino 2005 s10"]
[Site "Belfort FRA"]
[Date "2005.07.28"]
[Round "9.8"]
[White "Fataliyeva, Ulviyya"]
[Black "Barantseva, Alexandra"]
[Result "1-0"]
[WhiteElo "1599"]
[BlackElo "2089"]
[PlyCount "51"]
[EventDate "2005.07.19"]
[EventType "swiss"]
[EventRounds "11"]
[EventCountry "FRA"]
[Source "lmi"]
[SourceDate "2005.07.31"]

1. e4 c5 2. Nf3 Nc6 3. d4 cxd4 4. Nxd4 g6 5. Nc3 Bg7 6. Be3 Nf6 7. Bc4 Ng4 8.
Nxc6 Nxe3 9. Qf3 Bxc3+ 10. bxc3 dxc6 11. Qxf7+ Kd7 12. fxe3 Kc7 13. Qf4+ Qd6
14. e5 Qa3 15. Bb3 Bf5 16. Rd1 Rhd8 17. e6+ Rd6 18. e4 Bxe6 19. Bxe6 Qxc3+ 20.
Ke2 Qxc2+ 21. Rd2 Qc5 22. Rhd1 Rad8 23. Kf1 Kb8 24. Rxd6 exd6 25. e5 d5 26. Bf7
1-0

[Event "Mundial Juvenil femenino 2005 s10"]
[Site "Belfort FRA"]
[Date "2005.07.28"]
[Round "9.9"]
[White "Anakidze, Nino"]
[Black "Ivekovic, Tihana"]
[Result "0-1"]
[WhiteElo "1963"]
[BlackElo "1599"]
[PlyCount "92"]
[EventDate "2005.07.19"]
[EventType "swiss"]
[EventRounds "11"]
[EventCountry "FRA"]
[Source "lmi"]
[SourceDate "2005.07.31"]

1. e4 c5 2. Nc3 Nc6 3. g3 g6 4. Bg2 Bg7 5. d3 d6 6. f4 e6 7. Nf3 Nge7 8. O-O
O-O 9. Be3 Rb8 10. g4 f5 11. h3 b5 12. Rb1 b4 13. Ne2 Bd7 14. Ng3 Qa5 15. gxf5
exf5 16. Nd2 Qc7 17. h4 Rf6 18. Nf3 a5 19. Qd2 a4 20. d4 cxd4 21. Nxd4 Nxd4 22.
Bxd4 Rff8 23. Bxg7 Kxg7 24. Qd4+ Kg8 25. exf5 Bxf5 26. Nxf5 Rxf5 27. Bh3 Qc5
28. Qxc5 Rxc5 29. Rf2 Nf5 30. Bxf5 Rxf5 31. Rd1 Rd8 32. Rd4 Rb5 33. Re2 Kf7 34.
Kg2 Kf6 35. Kf3 d5 36. Re5 Rd7 37. Re8 Rc7 38. Re2 Re7 39. Red2 Rd7 40. Kg4 h5+
41. Kf3 Kf5 42. Kg3 Kf6 43. Kf3 Kf5 44. c4 bxc3 45. bxc3 Ra5 46. c4 Rc5 0-1

[Event "Mundial Juvenil femenino 2005 s10"]
[Site "Belfort FRA"]
[Date "2005.07.28"]
[Round "9.10"]
[White "Bohorquez, Maria"]
[Black "Roy, Ali"]
[Result "0-1"]
[WhiteElo "1599"]
[BlackElo "1599"]
[PlyCount "100"]
[EventDate "2005.07.19"]
[EventType "swiss"]
[EventRounds "11"]
[EventCountry "FRA"]
[Source "lmi"]
[SourceDate "2005.07.31"]

1. e4 c6 2. d4 d5 3. exd5 cxd5 4. Bd3 Nc6 5. c3 Nf6 6. Bf4 e6 7. Nd2 Be7 8.
Ngf3 O-O 9. O-O Bd7 10. Qb3 Qb6 11. Bg5 Qxb3 12. Nxb3 Ne4 13. Bxe7 Nxe7 14. Ne5
Ba4 15. Bxe4 dxe4 16. Nc5 f6 17. Nc4 Bc6 18. Rfe1 Bd5 19. Ne3 b6 20. Na6 Rfc8
21. Nb4 f5 22. Re2 a5 23. Nbc2 Ng6 24. Ne1 b5 25. a3 Bb3 26. g3 Ne7 27. N1g2
Ng6 28. Nf1 Bc4 29. Re3 Bxf1 30. Kxf1 Rab8 31. Rae1 b4 32. f3 bxc3 33. bxc3
exf3 34. Rxf3 Rc6 35. Rfe3 Nf8 36. Nf4 Kf7 37. d5 exd5 38. Nxd5 Rb3 39. Re7+
Kg8 40. R7e5 Rd6 41. Rxf5 Rd8 42. Rg5 h6 43. Rf5 Rxa3 44. Re7 Ng6 45. Ra7 Rf8
46. Ne7+ Nxe7 47. Rxf8+ Kxf8 48. Ra8+ Kf7 49. Ra7 Rxc3 50. Rxa5 Nc6 0-1

[Event "Mundial Juvenil femenino 2005 s10"]
[Site "Belfort FRA"]
[Date "2005.07.28"]
[Round "9.11"]
[White "Saikhanchimeg, Tsogtsaikman"]
[Black "Botez, Alexandra"]
[Result "1-0"]
[WhiteElo "1599"]
[BlackElo "1599"]
[PlyCount "107"]
[EventDate "2005.07.19"]
[EventType "swiss"]
[EventRounds "11"]
[EventCountry "FRA"]
[Source "lmi"]
[SourceDate "2005.07.31"]

1. e4 e6 2. d4 d5 3. exd5 exd5 4. Bd3 Nc6 5. Be3 Bd6 6. Nc3 Nge7 7. h3 a6 8.
Nf3 f6 9. Bd2 O-O 10. O-O Nb4 11. a3 Nxd3 12. cxd3 Bf5 13. Qc2 Qd7 14. Ne2 Ng6
15. Ng3 Bxg3 16. fxg3 Rac8 17. Qb3 c6 18. Rad1 Kh8 19. Bb4 Rfe8 20. Bc5 Re2 21.
Rde1 Rxe1 22. Rxe1 b5 23. g4 Be6 24. g5 Nf4 25. Qc2 fxg5 26. Nxg5 h6 27. Nf3
Bf5 28. Ne5 Qc7 29. Rf1 g5 30. h4 Qh7 31. Rf3 Ne6 32. Qf2 Nf4 33. Qd2 Ne6 34.
h5 Nxc5 35. dxc5 Be6 36. Qf2 Bg8 37. Rf8 Rc7 38. Qd4 Qg7 39. Ng6+ Kh7 40. Qxg7+
Kxg7 41. Ra8 Bh7 42. Ne5 Kf6 43. d4 Bc2 44. Rxa6 Bd1 45. Nxc6 Kf5 46. Nb4 Ke4
47. Rxh6 Kxd4 48. Rg6 g4 49. Rg5 g3 50. h6 Rc8 51. Rxd5+ Kc4 52. Rxd1 Rh8 53.
Rd6 Kxc5 54. Rg6 1-0

[Event "Mundial Juvenil femenino 2005 s10"]
[Site "Belfort FRA"]
[Date "2005.07.28"]
[Round "9.12"]
[White "Efroimski, Marsel"]
[Black "Unaphkshvili, Nani"]
[Result "1-0"]
[WhiteElo "1599"]
[BlackElo "1599"]
[PlyCount "61"]
[EventDate "2005.07.19"]
[EventType "swiss"]
[EventRounds "11"]
[EventCountry "FRA"]
[Source "lmi"]
[SourceDate "2005.07.31"]

1. e4 e5 2. Nf3 Nf6 3. Nxe5 d6 4. Nf3 Nxe4 5. d4 d5 6. Bd3 Bd6 7. c4 c6 8. cxd5
cxd5 9. Nc3 Qe7 10. Nxd5 Qe6 11. O-O O-O 12. Nc3 Nf6 13. Bg5 Bc7 14. Re1 Qb6
15. Qc2 h6 16. Bxf6 gxf6 17. Nd5 Bxh2+ 18. Nxh2 Qd8 19. Nc7 Nc6 20. Nxa8 Be6
21. Qe2 Bd5 22. Qh5 Nb4 23. Bb1 Qxa8 24. a3 Bxg2 25. Kxg2 b6+ 26. Be4 Nd3 27.
Bxa8 Nf4+ 28. Kf1 Nxh5 29. Bc6 Nf4 30. f3 Rd8 31. Rad1 1-0